00664nam a2200181 a 450000100100000000500170001000800410002702000150006804000250008310000280010824500880013626000460022430000200027050000340029070000360032495201050036099900170046500003552520200930074416.0111103s1994 mx 000 0 spa d a9681901991 aDO-SdBNPbspacBNPHU1 aWeiss, Donald H.96141010aCómo desarrollar un equipo eficaz /cDonald H. Weiss ; traductor Arlette de Alba. aMéxico, :bSuperación Aguilar,c1994. a79 p. ;c21 cm. aTraducido del idioma inglés1 aAlba, Arlette de,etrad.961411 001050718MOaGRbGRcCTd2011-11-03iLF1l0o p35525-10r2020-06-25w2020-06-25y1ZNo se presta c35016d35016